|
|
|
|
| LEADER |
01295nam a2200433 4500 |
| 001 |
DLU110119632 |
| 005 |
##20110413 |
| 008 |
##930525r19911912enka 000 0 eng |
| 010 |
# |
# |
|a 93158317
|
| 020 |
# |
# |
|a 0460871307 :
|c £3.50 (
|4 .95 U.S.)
|
| 035 |
# |
# |
|9 (DLC) 93158317
|
| 040 |
# |
# |
|a DLC
|c DLC
|d DLC
|
| 043 |
# |
# |
|a e-uk-en
|
| 050 |
# |
# |
|a PR3714
|b .T7 1991b
|
| 082 |
# |
# |
|a 823
|b ST-L
|
| 100 |
# |
# |
|a Sterne, Laurence,
|d 1713-1768.
|
| 240 |
# |
# |
|a Life and opinions of Tristram Shandy, gentleman
|
| 245 |
# |
# |
|a Tristram Shandy /
|c Laurence Sterne ; introduction by George Saintsbury.
|
| 260 |
# |
# |
|a London :
|b J.M. Dent ;
|a Rutland, Vt. :
|b C.E. Tuttle,
|c 1991.
|
| 300 |
# |
# |
|a xxviii, 478 p. :
|b ill. ;
|c 20 cm.
|
| 504 |
# |
# |
|a Includes bibliographical references (p. xxvii).
|
| 650 |
# |
# |
|a Fetus
|v Fiction.
|
| 650 |
# |
# |
|a Fiction
|x Authorship
|v Fiction.
|
| 650 |
# |
# |
|a Infants
|v Fiction.
|
| 653 |
# |
# |
|a English fiction
|
| 653 |
# |
# |
|a English literature
|
| 655 |
# |
# |
|a Experimental fiction.
|2 lcsh
|
| 655 |
# |
# |
|a Stream of consciousness fiction.
|2 lcsh
|
| 923 |
# |
# |
|a 01/2011NN
|
| 991 |
# |
# |
|a GT
|
| 992 |
# |
# |
|a 0
|
| 994 |
# |
# |
|a KNN
|
| 900 |
# |
# |
|a True
|
| 911 |
# |
# |
|a Đào Thị Thu Huyền
|
| 925 |
# |
# |
|a G
|
| 926 |
# |
# |
|a A
|
| 927 |
# |
# |
|a SH
|
| 980 |
# |
# |
|a Thư viện Trường Đại học Đà Lạt
|